Guías Océano Chile

Spremljeno u:
Bibliografski detalji
Format: Knjiga
Jezik:španjolski
Izdano: Barcelona Océano 2006
Teme:
Oznake: Dodaj oznaku
Bez oznaka, Budi prvi tko označuje ovaj zapis!

MARC

LEADER 00000nam a2200000 a 4500
001 UCH9086
003 CL-VaPUC
008 091224e20060000SP |||||||||||||||||spa|d
020 |a 8477642001 
082 0 4 |a 918.3  |b GUI  |2 21 
245 1 0 |a Guías Océano Chile 
300 |a 377 p 
942 |c BK 
945 |d 20091224 00:00:00  |a rbrito 
260 |a Barcelona  |b Océano  |c 2006 
650 7 |a GUIA TURISTICA  |2 CL-VaPUC  |9 328105 
650 0 |a Turismo  |9 308920 
650 0 |a Museos  |9 269209 
650 0 |a Monumentos  |9 265246 
650 0 |a Viajes y excursiones  |9 545960 
583 |a last modification  |c 20091224 00:00:00  |k Rodrigo Vera 
999 |c 339150  |d 339148 
952 |0 0  |1 0  |4 0  |6 918_300000000000000_GUI_2006  |7 0  |8 X  |9 432622  |a FDOBUD  |b FDOBUD  |d 2019-11-22  |i 462422K  |o 918.3 GUI 2006  |p 462422K  |r 2019-11-22  |w 2019-11-22  |y BK_X  |k BUD